Kodeks karny : (Rekord nr 29884)
| 000 -ETYKIETA REKORDU | |
|---|---|
| podpole kontrolne o stałej długości | 00510nam a2200169 i 4500 |
| 001 - NUMER KONTROLNY REKORDU | |
| pole kontrolne | bg |
| 040 ## - ŹRÓDŁO KATALOGOWANIA | |
| Instytucja, która utworzyła rekord | BPK |
| 041 ## - KOD JĘZYKA | |
| Kod języka tekstu | pol |
| 080 ## - UNIWERSALNA KLASYFIKACJA DZIESIĘTNA - UKD | |
| UKD | 343(438)(094.4) |
| 008 - POLE O STAŁEJ DŁUGOŚCI - DANE KONTROLNE | |
| podpole kontrolne o stałej długości | s pl f |000 0 pol |
| 245 00 - TYTUŁ/ODPOWIEDZIALNOŚĆ | |
| Tytuł | Kodeks karny : |
| Ciąg dalszy tytułu | ustawa z dnia 19 kwietnia 1969 r. : krótki komentarz praktyczny / |
| Pozostałe elementy strefy tytułu i oznaczenia odpowiedzialności | Janusz Wojciechowski. |
| 250 ## - STREFA WYDANIA | |
| Oznaczenie wydania | Stan prawny na dzień 28 luty 1993 r. |
| 260 ## - STREFA ADRESU WYDAWNICZEGO | |
| Miejsce wydania | Skierniewice : |
| Nazwa wydawcy/dystrybutora | "Dorfin", |
| Data publikacji, dystrybucji/powstania dokumentu | 1993. |
| 300 ## - STREFA OPISU FIZYCZNEGO | |
| Objętość | 364 s. ; |
| Rozmiary | 21 cm. |
| 700 1# - HASŁO DODATKOWE - NAZWA OSOBOWA | |
| Nazwa osobowa | WOJCIECHOWSKI, Janusz |
| 856 ## - LOKALIZACJA I DOSTĘP DO ELEKTRONICZNYCH DOKUMENTÓW ZDALNYCH | |
| Link (URL) | http://koha.tu.koszalin.pl/cgi-bin/koha/opac-detail.pl?biblionumber=29884 |
| Tekst linku | Katalog online BPK |
| 942 ## - DODATKOWE ELEMENTY (KOHA) | |
| Typ dokumentu | Książka |
| Wycofany | Status egzemplarza | Uszkodzony | Dostępność | Lokalizacja stała | Lokalizacja bieżąca | Miejsce przechowywania | Sygnatura | Kod kreskowy | Typ dokumentu |
|---|---|---|---|---|---|---|---|---|---|
| Dostępny | Biblioteka Politechniki Koszalińskiej | Biblioteka Politechniki Koszalińskiej | Wypożyczalnia BG | 36299 | 01238037 | Książka |
